Lieux des Jeux d'Amérique centrale et des Caraïbes depuis 1926 - Statistiques

Statistiques générales
  • Ce quiz a été pris 6 fois
  • Le résultat moyen est 22 sur 25
Statistiques - réponses
Année Pays % Correct
1930 Cuba
100%
1982 Cuba
100%
1950 Guatemala
100%
1962 Jamaïque
100%
1926 Mexique
100%
1954 Mexique
100%
1990 Mexique
100%
2014 Mexique
100%
1938 Panama
100%
1970 Panama
100%
1974 République dominicaine
100%
1986 République dominicaine
100%
2026 République dominicaine
100%
1935 Salvador
100%
2002 Salvador
100%
2023 Salvador
100%
1946 Colombie
83%
1978 Colombie
83%
2006 Colombie
83%
2018 Colombie
83%
1959 Venezuela
67%
1998 Venezuela
67%
1966 Porto Rico
50%
1993 Porto Rico
50%
2010 Porto Rico
50%
Aucun quiz correspondant
Distribution des résultats
% des personnes avec chaque résultat
Percentile par nombre de réponses
Votre historique - résultats
Vous n’avez pas pris ce quiz